Best NFL Running Backs of 2020 (NFL.com) - Statistics

General Stats
  • This quiz has been taken 581 times
    562 since last reset
  • The average score is 9 of 13
Answer Stats
Player % Correct
2 Derrick Henry
93%
1 Christian McCaffrey
83%
6 Aaron Jones
81%
3 Dalvin Cook
79%
8 Alvin Kamara
78%
5 Saquon Barkley
78%
7 Nick Chubb
77%
4 Ezekiel Elliott
71%
11 Josh Jacobs
64%
10 Todd Gurley
49%
12 Chris Carson
48%
13 Leonard Fournette
44%
9 Mark Ingram
36%
No matching quizzes found
Score Distribution
Percent of People with Each Score
Percentile by Number Answered
Your Score History
You have not taken this quiz since the last reset